000
00155nam a22000857a 4500
082
_a
823
100
_a
MALLIKA KURUP
245
_a
THE GOLDEN MANGO
942
_c
BK
999
_c
8438
_d
8438